• 首页
  • 本馆介绍
  • 公告通知
  • 最新文献
  • 馆藏检索
  • 电子资源
  • 读者导购
  • 参考咨询
  • 我的图书馆
  • 登录
  • 详细信息显示
  • 放入我的书架
  • 预约/预借图书
  • 作者相关作品
  • 分类相关作品
  • 丛书相关作品
  • 出版社相关作品

书目信息

  • 表格格式
  • 工作单格式
  • 卡片格式
题名:
刘淳自选集
    
 
作者: 刘淳 著
分册:  
出版信息: 太原   北岳文艺出版社  2015
页数: 290页
开本: 24cm
丛书名: 中国当代艺术批评文库
单 册:
中图分类: J052-53
科图分类:
主题词: 艺术评论--yi shu ping lun--中国--现代--文集
电子资源:
ISBN: 978-7-5378-4240-2
000 00929nam0 22002531 450
001 0102093606
005 20170402093606.0
010    @a978-7-5378-4240-2@dCNY38.00
100    @a20141230d2015 em y0chiy50 ea
101 0  @achi
102    @aCN@b140000
105    @aa z 000yy
106    @ar
200 1  @a刘淳自选集@Aliu chun zi xuan ji@f刘淳著
210    @a太原@c北岳文艺出版社@d2015
215    @a290页@c照片@d24cm
225 2  @a中国当代艺术批评文库@Azhong guo dang dai yi shu pi ping wen ku@f续小强主编
330    @a本书收录了《艺术的立场》、《寻找当代艺术的精神立场》、《西方当代艺术随想》、《艺术在今天发生了什么》、《艺术精神的回归》、《艺术批评之道》、《重读周思聪》等文章。
461  0 @12001 @a中国当代艺术批评文库
606 0  @a艺术评论@Ayi shu ping lun@y中国@z现代@j文集
690    @aJ052-53@v5
701  0 @a刘淳@Aliu chun@f(1957~)@4著
801  0 @aCN@bTANGWEI@c20170308
905    @b0963974-7@dJ052-53@e351@f4
    
    刘淳自选集/刘淳著.-太原:北岳文艺出版社,2015
    290页:照片;24cm.-(中国当代艺术批评文库/续小强主编)
    
    
    ISBN 978-7-5378-4240-2:CNY38.00
    本书收录了《艺术的立场》、《寻找当代艺术的精神立场》、《西方当代艺术随想》、《艺术在今天发生了什么》、《艺术精神的回归》、《艺术批评之道》、《重读周思聪》等文章。
●
相关链接 在E读中查询图书 在五车中查询图书 在当当中查询图书 在豆瓣中查询图书


正题名:刘淳自选集     索取号:J052-53/351         预约/预借

序号 登录号 条形码 馆藏地/架位号 状态 备注
1 0963974   209639747   第一样本阅览室/ [索取号:J052-53/351] 在馆    
2 0963975   209639756   第一借阅区/ [索取号:J052-53/351] 在馆    
3 0963976   209639765   第一借阅区/ [索取号:J052-53/351] 在馆    
4 0963977   209639774   第一借阅区/ [索取号:J052-53/351] 在馆    
唐山师范学院图书馆 欢迎您!
大连网信软件有限公司© 版权所有